000 00321nam a2200133Ia 4500
008 191201s2012 xx 000 0 und d
100 _aBADI, R.V
245 0 _aProduction and Operations Management
250 _aRep
260 _aN. Delhi
_bVrinda Publications
_c2012
300 _a666
650 _aMBA
942 _2ddc
_cBK
999 _c5382
_d5382